00709nam a2200217 a 4500008004100000020003200041040002500073041001300098044001100111080001200122100002200134245004800156250001300204260008000217300002800297500002200325700002500347958000600372999001700378952009600395951214s1987||||[C 0 slo c c43 Kčs. q(17000 výtl.) aSNKbslocSNKeAACR21 aslohslo axocSK a885.4-31 aFerko, Milan4aut10aJánošíkcMilan Ferko ; Ivan Schurmann a2., vyd. aBratislavabSlovenský spisovateľc1987eTrnavafPolygrafické závody a579 s., 45,76 AHc24 cm aIlustr. na front.1 aSchurmann, Ivan4bkd aA c10593d10593 001040708Ka10000b10000d2019-11-29g43.00i09964oB 4143r2019-11-29w2019-11-29yKLDO